International Journal of Multicultural and Multireligious Understanding (Запис № 419861)

МАРК-запис
000 -Лідер
fixed length control field 02067nam a22002897a 4500
003 - Ідентифікатор контрольного номера
control field UA-OsUOA
001 - Контрольний номер
control field 131531
007 - Фіксоване поле фізичного опису
fixed length control field ta
008 - Елементи даних фіксованої довжини – загальна інформація
fixed length control field 20180607b un ||||| |||| 00| 0 ukr d
090 ## - Локальний шифр розміщення
Авторський знак (НП) I-34
040 ## - Джерело каталогізації
Агенція оригінальної каталогізації UA-OsUOA
Мова каталогізації eng
Агенція, яка здійснювала перезапис UA-OsUOA
Агенція, яка здійснювала модифікацію UA-OsUOA
041 ## - Код мови
Код мови тексту/ звукової доріжки чи окремого заголовка (П) eng
022 ## - Міжнародний стандартний серіальний номер (ISSN)
Міжнародний стандартний серіальний номер (ISSN) 2364-5369
245 ## - Відомості про назву
Назва (НП) International Journal of Multicultural and Multireligious Understanding
Решта назви (НП) Policy of Print Journals
Дані про відповідальність (НП) Editor in Chief Prof. Mohammad Reevany Bustami, Associate Professor, Center for Policy Research and International Studies-Principal at Global Institute for Multidisciplinary Knowledge and Responsible Future, Germany
260 ## - Публікація, розповсюдження і т.п. (Вихідні дані)
Дата публікації, розповсюдження і т.п. (П) 2017
246 31 - Інша форма назви
Назва (НП) 3
Номер частини/ розділ роботи (П)
520 3# - Резюме і т.п.
Резюме, реферат, анотація, тощо (НП) International Journal of Multicultural and Multireligious Understanding (IJMMU) ISSN 2364-5369 is an international, double-blind peer-reviewed, open-access journal covering the study of topics in the social & Humanities aims to provide a forum for hig
520 3# - Резюме і т.п.
Резюме, реферат, анотація, тощо (НП) h quality research related to social sciences and humanities research.The main Areas relevant to the scope of the journal is multireligious and multicultural studies and also the journal focuses on the following topics: Anthropology S
520 3# - Резюме і т.п.
Резюме, реферат, анотація, тощо (НП) ociology Politics Culture Linguistics Ethnic Relations Immigration and Migrant Workers Studies Multicultural studies Public relations Communication Peace Studies Religious Studies It p
520 3# - Резюме і т.п.
Резюме, реферат, анотація, тощо (НП) rovides an academic platform for professionals and researchers to contribute innovative work in the field. The journal carries original and full-length articles that reflect the latest research and developments in both theoretical and practical aspect
520 3# - Резюме і т.п.
Резюме, реферат, анотація, тощо (НП) s of society and human behavior.The journal is published in both print and online versions. The online version is free access and download.IJMMU accepts submission of mainly four types: Original Articles, Short Communications, Reviews, and Pro
520 3# - Резюме і т.п.
Резюме, реферат, анотація, тощо (НП) posals for special issues.
650 #7 - Додаткове предметне введення – тематичний термін
Джерело заголовка чи терміна UDC
856 40 - Електронне місцезнаходження та доступ
Уніфікований ідентифікатор ресурсу (П) https://ijmmu.com/index.php/ijmmu/issue/view/16
942 ## - Додаткові елементи входу (Коха)
Тип елемента Koha Номер журналу
955 ## - Код типу видання за змістом
Код типу видання за змістом (НП) Наукові видання

Немає доступних примірників.